Cronaca di un disamore /

Saved in:
Bibliographic Details
Main Author: Cotroneo, Ivan (Author)
Format: Book
Language:Italian
Published: Milano : Bompiani, 2005
Series:Romanzo Bompiani
Tags: Add Tag
No Tags, Be the first to tag this record!

MARC

LEADER 00000nam a2200000 i 4500
001 IT\ICCU\RAV\1388547
003 ItRI
005 20260219184451.0
008 051121s2005 it |||||| ||||| |||||c
015 |2 IT  |a 2006-10332 
020 |a 8845255573 
040 |b ita  |c Arcigay Rimini 
041 7 |a ita  |2 ISO-639-2 
082 |a 853  |2 12 
100 1 |a Cotroneo, Ivan  |0 IT\ICCU\RAVV\092620  |4 aut 
245 1 0 |a Cronaca di un disamore /  |c Ivan Cotroneo. 
260 |a Milano :  |b Bompiani,  |c 2005 
300 |a 142 p. :  |b 1 ritr. ;  |c 21 cm. 
830 0 |a Romanzo Bompiani  |0 IT\ICCU\CFI\0510895 
942 |2 ddc  |c BK 
952 |0 0  |1 0  |2 ddc  |4 0  |6 853_000000000000000_COT_CRO  |7 1  |9 2413  |a RN  |b RN  |d 2024-12-27  |l 0  |o 853 COT CRO  |p 9866  |r 2024-12-27 11:58:20  |w 2024-12-27  |y BK 
952 |0 0  |1 0  |2 ddc  |4 0  |6 LNR_02COTIVCRO11  |7 0  |9 5820  |a MI  |b MI  |d 2006-03-17  |i 5110  |l 0  |o LNR02-COTIV-CRO11  |p CDOM5110  |r 2025-07-13 16:28:00  |w 2025-07-13  |x ACQUISTO  |y BK 
952 |0 0  |1 0  |2 ddc  |4 0  |6 LNR_02COTIVCRO12  |7 0  |9 5821  |a MI  |b MI  |d 2009-09-11  |i 5616  |l 0  |o LNR02-COTIV-CRO12  |p CDOM5616  |r 2025-07-13 16:28:00  |w 2025-07-13  |x DONO  |y BK 
952 |0 0  |1 0  |4 0  |6 DOC_853_920000000000000_COT  |7 0  |9 15991  |a BO  |b BO  |d 2026-01-15  |i 12951  |l 0  |o DOC 853.92 COT  |p BO12951  |r 2026-01-15 23:19:13  |w 2026-01-15  |x [Sebina 5] [1 v.]  |y BK  |z 1 v. 
952 |0 0  |1 0  |4 0  |6 DOC_853_920000000000000_COT  |7 0  |9 15992  |a BO  |b BO  |d 2026-01-15  |i 15105  |l 0  |o DOC 853.92 COT  |p BO15105  |r 2026-01-15 23:19:13  |w 2026-01-15  |x [Sebina 5] [1 v.]  |y BK  |z 1 v. (2. copia) 
999 |c 2108  |d 2108